| 000 | 00893cac a22002651u 4500 | ||
|---|---|---|---|
| 003 | EG-ScBUE | ||
| 005 | 20220316110321.0 | ||
| 008 | 081217s2005 ii f 000 0 eng d | ||
| 020 | _a8172241348 | ||
| 040 |
_aEG-ScBUE _beng _erda _cEG-ScBUE _dEG-ScBUE |
||
| 082 | 0 | 4 |
_a892.736 _bGIB _222 |
| 100 | 1 |
_aGibran, Kahlil, _d1883-1931, _eauthor. _934552 |
|
| 245 | 1 | 4 |
_aThe greatest works of Kahlil Gibran : _btwelve books in one omnibus edition. |
| 250 | _aFifteenth Jaico Impression. | ||
| 264 | 1 |
_aMumbai : _bJaico Publishing House, _c2005. |
|
| 300 |
_a1 volume (various pagings) ; _b20 cm |
||
| 336 |
_2rdacontent _atext _btxt |
||
| 337 |
_2rdamedia _aunmediated _bn |
||
| 338 |
_2rdacarrier _avolume _bnc |
||
| 650 | 7 |
_aArabic literature _xTranslations into English. _2BUEsh |
|
| 651 | _2BUEsh | ||
| 653 |
_bARALIT _cMarch2022 |
||
| 655 |
_vReading book _934232 |
||
| 942 |
_cBB _2ddc |
||
| 999 |
_c5193 _d5193 |
||